[Event "World ol U16 11th"]
[Site "Istanbul"]
[Date "2012.09.03"]
[Round "7.16"]
[White "Kucuk, Omer Yasir"]
[Black "Noel, Daniel"]
[Result "1-0"]
[WhiteElo "1635"]
[BlackElo "1837"]
[PlyCount "63"]
[EventDate "2012.08.29"]
[EventType "team-swiss"]
[EventRounds "10"]
[EventCountry "TUR"]
[SourceTitle "CBM 150 Extra"]
[Source "ChessBase"]
[SourceDate "2012.10.19"]
[SourceVersion "1"]
[SourceVersionDate "2012.10.19"]
[SourceQuality "1"]
[WhiteTeam "Turkey Turquaz (U16)"]
[BlackTeam "England (U16)"]
[WhiteTeamCountry "TUR"]
[BlackTeamCountry "ENG"]

1. d4 d5 2. c4 c6 3. Nc3 Nf6 4. e3 a6 5. Nf3 b5 6. cxd5 cxd5 7. Bd3 Bg4 8. a3 e6 9. Bd2 Bd6 10. h3 Bh5 11. e4 Be7 12. e5 Nfd7 13. a4 b4 14. Ne2 Bg6 15. Nf4 Bxd3 16. Nxd3 Nc6 17. b3 0-0 18. Nf4 Qb6 19. Be3 Rac8 20. 0-0 Na5 21. Ne2 Rc7 22. g4 f6 23. Bf4 Rcc8 24. Qd3 fxe5 25. Nxe5 Nxe5 26. Bxe5 Bf6 27. f4 Nc6 28. Kg2 Nxe5 29. fxe5 Bg5 30. Kg3 Bf4+ 31. Rxf4 Rxf4 32. Kxf4 1-0